Statistics for Guinea or Guinea-Bissau

Click here to take the quiz!

General Stats

  • This quiz has been taken 9 times
  • The average score is 7 of 9

Answer Stats

QuestionAnswer% Correct
Bounded by Atlantic Ocean to the west.Both
100%
Has larger Area.Guinea
100%
Be a member of the United Nations.Both
88%
Got independence earlier.Guinea
88%
It's Capital name is Conakry.Guinea
88%
Official language is PortugueseGuinea-Bissau
88%
Driving side is on the right of roads.Both
63%
Border with Liberia.Guinea
63%
Has a star on its flag.Guinea-Bissau
63%

Score Distribution

Percentile by Number Answered

Percent of People with Each Score

Your Score History

You have not taken this quiz